Ảnh hưởng của Chlorine, Naphthyl Acetic Acid và vật liệu tồn trữ đến chất lượng khoai lang (Ipomoea batatas) sau thu hoạch : Luận án Thạc sĩ khoa học chuyên ngành Công nghệ sau thu hoạch
Đề tài đánh giá hiệu quả kiểm soát bệnh của Chlorine, hiệu quả ức chế nảy mầm của NAA và ảnh hưởng của các vật liệu tồn trữ (bao PE, tro, xơ dừa, cát) đến chất lượng khoai lang sau thu hoạch.
Đã lưu trong:
| Príomhúdar: | |
|---|---|
| Formáid: | Leabhar |
| Teanga: | Undetermined |
| Foilsithe: |
Cần Thơ
Trường Đại học Cần Thơ
2010
|
| Ábhair: | |
| Clibeanna: |
Cuir Clib Leis
Gan Chlibeanna, Bí ar an gcéad duine leis an taifead seo a chlibeáil!
|
| Thư viện lưu trữ: | Trung tâm Học liệu Trường Đại học Cần Thơ |
|---|
| LEADER | 01261nam a2200229Ia 4500 | ||
|---|---|---|---|
| 001 | CTU_162445 | ||
| 008 | 210402s9999 xx 000 0 und d | ||
| 082 | |a 664.80522 | ||
| 082 | |b L309 | ||
| 088 | |a 60540104 | ||
| 100 | |a Huỳnh, Thị Thuý Liễu | ||
| 245 | 0 | |a Ảnh hưởng của Chlorine, Naphthyl Acetic Acid và vật liệu tồn trữ đến chất lượng khoai lang (Ipomoea batatas) sau thu hoạch : | |
| 245 | 0 | |b Luận án Thạc sĩ khoa học chuyên ngành Công nghệ sau thu hoạch | |
| 245 | 0 | |c Huỳnh Thị Thuý Liễu ; Nguyễn Thị Xuân Thu (cán bộ hướng dẫn) | |
| 260 | |a Cần Thơ | ||
| 260 | |b Trường Đại học Cần Thơ | ||
| 260 | |c 2010 | ||
| 520 | |a Đề tài đánh giá hiệu quả kiểm soát bệnh của Chlorine, hiệu quả ức chế nảy mầm của NAA và ảnh hưởng của các vật liệu tồn trữ (bao PE, tro, xơ dừa, cát) đến chất lượng khoai lang sau thu hoạch. | ||
| 650 | |a Khoai lang,Sweet potatoes | ||
| 650 | |x Bệnh và sâu bệnh,Diseases and pests | ||
| 904 | |i Bạch Trúc | ||
| 980 | |a Trung tâm Học liệu Trường Đại học Cần Thơ | ||